Statistics for Letter Box Puzzle

Click here to take the quiz!

General Stats

  • This quiz has been taken 59 times
  • The average score is 9 of 17

Answer Stats

HintAnswer% Correct
Australian gemstone (4)Opal
86%
Lasso (4)Rope
78%
Graduate's reward (7)Diploma
71%
Collapse inwards (7)Implode
69%
Musical drama (5)Opera
67%
Wordsworth's words, eg. (4)Poem
61%
Mount McKinley (6)Denali
59%
Large feline (7)Leopard
59%
Lazy; inactive (4)Idle
53%
Estate house (5)Manor
53%
European country (6)Poland
47%
Casual fabric (5)Denim
45%
Yellow shade (5)Lemon
33%
Biscotti flavoring (6)Almond
31%
Fine-wooled sheep (6)Merino
31%
Tyrrhenian sea port (7)Palermo
20%
10 Letter WordPALINDROME
10%

Score Distribution

Percentile by Number Answered

Percent of People with Each Score

Your Score History

You have not taken this quiz